000
00320nam a2200109Ia 4500
008
171205s9999 xx 000 0 und d
020
_a
9781473913233
100
_a
Mehmetoglu, Mehmet
245
_a
Applied Statistics using Stata a Guide for the Social Sciences
260
_b
SAGE Publications
_c
2017
300
_a
356 pages
999
_c
347391
_d
347391